[Event "Havana Province-ch (Women)"]
[Site "Havana"]
[Date "2009.11.07"]
[Round "10"]
[White "Pages Roman, Seidy"]
[Black "Diaz Hernandez, Bexy"]
[Result "1/2-1/2"]
[WhiteElo "1953"]
[BlackElo "2126"]
[PlyCount "30"]
[EventDate "2009.10.25"]
[EventType "tourn"]
[EventRounds "11"]
[EventCountry "CUB"]
[EventCategory "1"]
[SourceTitle "EXT 2012"]
[Source "ChessBase"]
[SourceDate "2011.11.24"]
[SourceVersion "1"]
[SourceVersionDate "2011.11.24"]
[SourceQuality "1"]

1. d4 d5 2. e3 Nf6 3. Bd3 c5 4. c3 Qc7 5. h3 e6 6. Nf3 Nc6 7. Nbd2 Be7 8. Qe2 0-0 9. 0-0 e5 10. dxe5 Nxe5 11. Nxe5 Qxe5 12. Nf3 Qc7 13. e4 dxe4 14. Bxe4 Re8 15. Bd3 Bd6 1/2-1/2

[Event "Havana Province-ch (Women)"]
[Site "Havana"]
[Date "2009.10.29"]
[Round "5"]
[White "Romero Nunez, Wendy"]
[Black "Diaz Hernandez, Bexy"]
[Result "1-0"]
[WhiteElo "2058"]
[BlackElo "2126"]
[PlyCount "79"]
[EventDate "2009.10.25"]
[EventType "tourn"]
[EventRounds "11"]
[EventCountry "CUB"]
[EventCategory "1"]
[SourceTitle "EXT 2012"]
[Source "ChessBase"]
[SourceDate "2011.11.24"]
[SourceVersion "1"]
[SourceVersionDate "2011.11.24"]
[SourceQuality "1"]

1. d4 d5 2. c4 e6 3. Nc3 Nf6 4. Nf3 Be7 5. Bf4 0-0 6. e3 a6 7. cxd5 Nxd5 8. Nxd5 exd5 9. a3 c6 10. Bd3 Bg4 11. Qc2 g6 12. h3 Be6 13. 0-0 Nd7 14. b4 Re8 15. Rab1 g5 16. Bxh7+ Kg7 17. Be5+ Nxe5 18. Nxe5 Rh8 19. Bf5 Qc8 20. Bxe6 Qxe6 21. f4 Bd6 22. f5 Qh6 23. f6+ Kg8 24. Qf5 Rd8 25. Nf3 Re8 26. Qd7 Re6 27. Qc8+ Kh7 28. Qxb7 Rxf6 29. Ne5 Rb8 30. Qd7 Rf8 31. Rxf6 Qxf6 32. Rf1 Qe7 33. Qxe7 Bxe7 34. Rxf7+ Rxf7 35. Nxf7 a5 36. bxa5 c5 37. a6 cxd4 38. a7 Bc5 39. a8Q dxe3 40. Kf1 1-0

[Event "Havana Province-ch (Women)"]
[Site "Havana"]
[Date "2009.10.26"]
[Round "2"]
[White "Diaz Hernandez, Bexy"]
[Black "Hernandez Moya, Yuleisis"]
[Result "0-1"]
[WhiteElo "2126"]
[BlackElo "2143"]
[PlyCount "54"]
[EventDate "2009.10.25"]
[EventType "tourn"]
[EventRounds "11"]
[EventCountry "CUB"]
[EventCategory "1"]
[SourceTitle "EXT 2012"]
[Source "ChessBase"]
[SourceDate "2011.11.24"]
[SourceVersion "1"]
[SourceVersionDate "2011.11.24"]
[SourceQuality "1"]

1. e4 e6 2. d4 d5 3. Nc3 Bb4 4. exd5 exd5 5. Bd3 Nf6 6. a3 Ba5 7. b4 Bb6 8. Nge2 c6 9. h3 0-0 10. 0-0 Re8 11. Bg5 h6 12. Bh4 Nbd7 13. Re1 Nf8 14. Na4 Bc7 15. Bg3 Ne6 16. Bxc7 Qxc7 17. Nc5 Ng5 18. f4 Nge4 19. Nxe4 Nxe4 20. c4 Bf5 21. Qc2 Qd6 22. Bxe4 Rxe4 23. Qc3 Rae8 24. c5 Qe6 25. Ra2 Re3 26. Qc1 Bd3 27. f5 Qe4 0-1